| 000 | 00651nam a22001935i 4500 | ||
|---|---|---|---|
| 001 | 160475 | ||
| 003 | ES-MaACL | ||
| 005 | 20230906212039.0 | ||
| 008 | 041001q19001910fr g |||| | fre d | ||
| 040 |
_aCAM _bspa _cCAM |
||
| 080 | _a784.94 | ||
| 100 | 1 |
_aNadaud, Gustave. _9130381 |
|
| 245 | 1 | 0 |
_aSolfège poétique et musical / _cpar Gustave Nadaud. |
| 260 |
_aParis : _bLibrairie Hachette, _c[19-?.] ( _fImprimerie A. Lahure) |
||
| 300 |
_a51 p. ; _c28 cm. |
||
| 597 | _aLas p. 20-51 de pautado musical. | ||
| 650 | 4 |
_aSolfeo. _9136888 |
|
| 852 |
_aES-MaACL _jT-1238-F-1 _z-- Enc. hol. conservando la cub. original _z-- Enc. en un vol. facticio |
||
| 999 |
_c160475 _d160475 |
||